[Event "DEM U10/U10w 2009"]
[Site "Willingen GER"]
[Date "2009.06.06"]
[Round "11"]
[White "Döpper, Anna Berenice"]
[Black "Puls, Olivia"]
[Result "1/2-1/2"]
[Termination "normal"]
[Board "43"]
[WhiteElo "919"]
[BlackElo "822"]
[PlyCount "29"]
[WhiteFideId "1271853"]
[EventCountry "GER"]
[EventRounds "11"]
[EventType "swiss"]
[EventDate "2009.05.30"]

1. e4 e5 2. d4 exd4 3. Nf3 Nc6 4. c3 d3 5. Bxd3 Nf6 6. e5 Nd5 7. Bc4 Nb6 8. Bb3
Bc5 9. O-O O-O 10. Re1 d6 11. exd6 cxd6 12. Qc2 Bg4 13. Ng5 g6 14. h3 Bf5 15.
Qd1 1/2-1/2

[Event "DEM U10/U10w 2009"]
[Site "Willingen GER"]
[Date "2009.06.06"]
[Round "11"]
[White "Schneider, Jana"]
[Black "Müller, Sophie"]
[Result "1/2-1/2"]
[Termination "normal"]
[Board "45"]
[WhiteElo "886"]
[BlackElo "842"]
[PlyCount "40"]
[WhiteFideId "12924997"]
[BlackFideId "12926698"]
[EventCountry "GER"]
[EventRounds "11"]
[EventType "swiss"]
[EventDate "2009.05.30"]

1. e4 e5 2. Nf3 Nc6 3. Nc3 Nf6 4. Bb5 Bc5 5. O-O O-O 6. d3 d6 7. Bg5 h6 8. Bh4
Bg4 9. Nd5 Nd4 10. Nxf6+ gxf6 11. c3 Nxf3+ 12. gxf3 Bh3 13. Re1 Kh8 14. Kh1 c6
15. Bc4 b5 16. Bb3 Rg8 17. Bg3 d5 18. Qd2 Rg6 19. d4 exd4 20. cxd4 Bd6 1/2-1/2

[Event "DEM U10/U10w 2009"]
[Site "Willingen GER"]
[Date "2009.06.06"]
[Round "11"]
[White "Gheng, Christian"]
[Black "Essler, Oskar"]
[Result "1/2-1/2"]
[Termination "normal"]
[Board "46"]
[WhiteElo "1386"]
[BlackElo "1341"]
[PlyCount "125"]
[WhiteFideId "24660345"]
[BlackFideId "12918024"]
[EventCountry "GER"]
[EventRounds "11"]
[EventType "swiss"]
[EventDate "2009.05.30"]

1. e4 e6 2. d4 d5 3. Nd2 c5 4. exd5 exd5 5. Ngf3 Nf6 6. Be2 Bd6 7. O-O O-O 8.
Re1 Nc6 9. c3 Bf5 10. dxc5 Bxc5 11. Nb3 Bb6 12. Nbd4 Nxd4 13. Nxd4 Be6 14. Bg5
h6 15. Bh4 Bc7 16. h3 Qd6 17. Bg3 Qd7 18. Bb5 Qc8 19. Bxc7 Qxc7 20. Nxe6 fxe6
21. Rxe6 Qf7 22. Re3 Qc7 23. Qb3 Qc5 24. Qb4 Qb6 25. Ba4 Qxb4 26. cxb4 Rad8 27.
Bb3 Rfe8 28. Rd3 Rd6 29. Rad1 Red8 30. f4 Kh7 31. Bc2 g6 32. Rd4 Kg7 33. Bb3
Re8 34. Bxd5 Red8 35. Rc1 Rxd5 36. Rc7+ R5d7 37. Rxb7 Rxb7 38. Rxd8 Rxb4 39. b3
Rb7 40. g4 Rd7 41. Ra8 h5 42. g5 Nd5 43. a4 Nxf4 44. h4 Rb7 45. a5 Nd5 46. a6
Rc7 47. Rb8 Nb6 48. Kf2 Kf7 49. Ke3 Ke6 50. Ke4 Rc3 51. Rb7 Rxb3 52. Rxa7 Ra3
53. Rg7 Ra4+ 54. Kf3 Kf5 55. Rf7+ Ke5 56. Rf6 Nd5 57. Rxg6 Ra3+ 58. Kf2 Nc7 59.
Rh6 Rxa6 60. Rxh5 Kf5 61. Rh6 Ra4 62. g6 Ne6 63. h5 1/2-1/2

[Event "6. ODEM U25 2009"]
[Site "Willingen GER"]
[Date "2009.05.31"]
[Round "1"]
[White "Figura, Atila Gajo"]
[Black "Höpfner, Tim"]
[Result "1-0"]
[Termination "normal"]
[Board "1"]
[WhiteTitle "FM"]
[WhiteElo "2417"]
[BlackElo "1824"]
[PlyCount "69"]
[WhiteFideId "4688058"]
[BlackFideId "4638310"]
[EventCountry "GER"]
[EventRounds "9"]
[EventType "swiss"]
[EventDate "2009.05.30"]

1. e4 c5 2. Nf3 d6 3. d4 cxd4 4. Nxd4 Nf6 5. Nc3 a6 6. h3 e5 7. Nde2 Be7 8. g4
h6 9. Bg2 Be6 10. Ng3 g6 11. Be3 Nc6 12. Qd2 h5 13. g5 Nd7 14. h4 Nb6 15. b3
Qc7 16. Nd5 Bxd5 17. exd5 Nd4 18. Bxd4 exd4 19. Qxd4 O-O-O 20. c4 Nd7 21. O-O
f6 22. f4 Kb8 23. Rae1 Rde8 24. b4 Qd8 25. Re6 fxg5 26. fxg5 Rh7 27. Rfe1 Rf8
28. c5 dxc5 29. Qe3 Qc7 30. Ne4 Bd8 31. d6 Qc8 32. bxc5 Ba5 33. Rb1 Ka8 34. Qa3
Nb8 35. Re7 1-0

[Event "6. ODEM U25 2009"]
[Site "Willingen GER"]
[Date "2009.05.31"]
[Round "1"]
[White "Baier, Christoph"]
[Black "Wagner, Florian"]
[Result "1-0"]
[Termination "normal"]
[Board "2"]
[BlackTitle "FM"]
[WhiteElo "1671"]
[BlackElo "2302"]
[PlyCount "66"]
[WhiteFideId "24655759"]
[BlackFideId "4698118"]
[EventCountry "GER"]
[EventRounds "9"]
[EventType "swiss"]
[EventDate "2009.05.30"]

1. d4 Nf6 2. c4 c5 3. d5 e6 4. Nc3 exd5 5. cxd5 Bd6 6. e4 O-O 7. Nf3 Re8 8. Qc2
Bc7 9. Bd3 d6 10. Bg5 h6 11. Bh4 Nbd7 12. O-O a6 13. a4 Qe7 14. Rae1 Rb8 15.
Nd2 g5 16. Bg3 Nh5 17. f4 Nxf4 18. Bxf4 gxf4 19. Rxf4 Ne5 20. Ref1 Rf8 21. Nc4
Ng6 22. Rf6 b5 23. e5 Nxe5 24. Nxe5 Qxe5 25. Bg6 Qe3+ 26. Kh1 Bg4 27. Bxf7+ Kh8
28. Qg6 Qg5 29. Qxh6+ Qxh6 30. Rxh6+ Kg7 31. Rg6+ Kh7 32. Rxg4 Rbe8 33. h3 Re4
1-0

[Event "6. ODEM U25 2009"]
[Site "Willingen GER"]
[Date "2009.05.31"]
[Round "1"]
[White "Coenen, Michael"]
[Black "Gefnider, Andreas"]
[Result "1-0"]
[Termination "normal"]
[Board "3"]
[WhiteElo "2260"]
[BlackElo "1653"]
[PlyCount "83"]
[WhiteFideId "4697367"]
[BlackFideId "12900176"]
[EventCountry "GER"]
[EventRounds "9"]
[EventType "swiss"]
[EventDate "2009.05.30"]

1. d4 d5 2. Nf3 Nf6 3. g3 c6 4. Bg2 g6 5. O-O Bg7 6. c4 e6 7. Nc3 O-O 8. Bg5
Qb6 9. Qc2 Nbd7 10. Rfd1 Re8 11. c5 Qd8 12. Qc1 e5 13. Nxe5 Nxe5 14. dxe5 Rxe5
15. e4 d4 16. f4 Rxg5 17. fxg5 Nd7 18. Ne2 Nf8 19. h4 Bg4 20. Qc4 Qc7 21. Rf1
Bxe2 22. Qxe2 Qxg3 23. Qf3 Qc7 24. Bh3 Rd8 25. Rad1 Be5 26. Qb3 Qe7 27. Rd3 Ne6
28. Rdf3 Nxc5 29. Rxf7 Nxb3 30. Rxe7 Bd6 31. Be6+ Kh8 32. Rd7 Rxd7 33. Bxd7 Nc5
34. Bc8 Kg7 35. Kg2 b6 36. b4 Nd3 37. Rf6 Be5 38. Rxc6 Nxb4 39. Re6 Bf4 40.
Re7+ Kh8 41. Be6 Nc6 42. Re8+ 1-0

[Event "6. ODEM U25 2009"]
[Site "Willingen GER"]
[Date "2009.05.31"]
[Round "1"]
[White "Schneider, Johannes"]
[Black "Siebarth, Raiko"]
[Result "0-1"]
[Termination "normal"]
[Board "4"]
[WhiteElo "1775"]
[BlackElo "2246"]
[PlyCount "68"]
[WhiteFideId "24687260"]
[BlackFideId "4674766"]
[EventCountry "GER"]
[EventRounds "9"]
[EventType "swiss"]
[EventDate "2009.05.30"]

1. d4 Nf6 2. c4 g6 3. Nc3 Bg7 4. e4 d6 5. Be3 O-O 6. f3 Nbd7 7. Qd2 c5 8. Nge2
Rb8 9. O-O-O Qa5 10. Kb1 Re8 11. Nc1 a6 12. g4 b5 13. Nd5 Qxd2 14. Nxf6+ Bxf6
15. Rxd2 cxd4 16. Bxd4 Bxd4 17. Rxd4 Ne5 18. Be2 bxc4 19. h3 Be6 20. Kc2 Rec8
21. Kc3 Rc5 22. Rhd1 Nc6 23. R4d2 Na7 24. a4 Nc8 25. Re1 Nb6 26. Bd1 Bd7 27.
Ree2 Bxa4 28. Kd4 Bxd1 29. Rxd1 Na4 30. Rc2 Nxb2 31. Rdd2 c3 32. Re2 Rb4+ 33.
Ke3 e5 34. Nd3 Nd1# 0-1

[Event "6. ODEM U25 2009"]
[Site "Willingen GER"]
[Date "2009.05.31"]
[Round "1"]
[White "Zhou, Syang"]
[Black "Reksten, Daniel"]
[Result "1-0"]
[Termination "normal"]
[Board "5"]
[WhiteElo "2090"]
[BlackElo "1638"]
[PlyCount "53"]
[WhiteFideId "24636126"]
[BlackFideId "24692590"]
[EventCountry "GER"]
[EventRounds "9"]
[EventType "swiss"]
[EventDate "2009.05.30"]

1. e4 c6 2. d4 d5 3. exd5 cxd5 4. Bd3 Nc6 5. c3 Nf6 6. Bf4 e6 7. Nf3 Be7 8.
Nbd2 Bd7 9. O-O Rc8 10. Re1 Qb6 11. Rb1 O-O 12. Ne5 Nxe5 13. Bxe5 Bb5 14. Bc2
Rfd8 15. Re3 Nd7 16. Bxh7+ Kxh7 17. Qh5+ Kg8 18. Bxg7 Kxg7 19. Rg3+ Bg5 20.
Qxg5+ Kf8 21. h4 Ke8 22. Nf3 Bd3 23. Re1 Qxb2 24. Qf4 Nf8 25. Ne5 Rc7 26. Rxd3
Qxa2 27. h5 1-0

[Event "6. ODEM U25 2009"]
[Site "Willingen GER"]
[Date "2009.05.31"]
[Round "1"]
[White "Holle, Cedric"]
[Black "Mantler, Hendrik"]
[Result "1-0"]
[Termination "normal"]
[Board "6"]
[WhiteElo "1701"]
[BlackElo "2164"]
[PlyCount "71"]
[WhiteFideId "24692158"]
[BlackFideId "4697790"]
[EventCountry "GER"]
[EventRounds "9"]
[EventType "swiss"]
[EventDate "2009.05.30"]

1. e4 e5 2. Nf3 Nc6 3. d4 exd4 4. Nxd4 Bc5 5. Nxc6 Qf6 6. Be3 Bxe3 7. fxe3 dxc6
8. Nc3 Qh6 9. Qd4 Bg4 10. e5 Be6 11. O-O-O Ne7 12. Bd3 O-O 13. Qf4 Qh5 14. Be2
Qg6 15. g4 Rac8 16. h4 f6 17. h5 Qe8 18. Bd3 f5 19. g5 Nd5 20. Nxd5 Bxd5 21.
Rh2 Qe6 22. Rf1 Rce8 23. Bxf5 Qxe5 24. Qxe5 Rxe5 25. Bxh7+ Kxh7 26. Rxf8 Rxg5
27. Rc8 b5 28. Rxc7 Kh6 29. Rc8 Kh7 30. Ra8 Bf3 31. Rxa7 b4 32. b3 Bxh5 33. Ra6
c5 34. Rh4 g6 35. Ra5 Rg1+ 36. Kb2 1-0

[Event "6. ODEM U25 2009"]
[Site "Willingen GER"]
[Date "2009.05.31"]
[Round "1"]
[White "Kyas, Marcel"]
[Black "Durmisi, Valon"]
[Result "1-0"]
[Termination "normal"]
[Board "7"]
[WhiteElo "2106"]
[BlackElo "1619"]
[PlyCount "63"]
[WhiteFideId "24642037"]
[EventCountry "GER"]
[EventRounds "9"]
[EventType "swiss"]
[EventDate "2009.05.30"]

1. d4 d5 2. c4 e6 3. Nf3 Nf6 4. g3 c5 5. cxd5 Nxd5 6. Bg2 Nc6 7. O-O b6 8. Re1
Be7 9. Nc3 Nxc3 10. bxc3 Bb7 11. e4 O-O 12. Rb1 Rc8 13. h4 cxd4 14. cxd4 Nb4
15. Re2 Ba6 16. Rd2 Rc3 17. Ne1 Qc7 18. a3 Nc6 19. Bb2 Na5 20. Bxc3 Qxc3 21.
Rc2 Qxa3 22. Rc7 Bb7 23. e5 Bxg2 24. Kxg2 a6 25. Nc2 Qa2 26. Rxe7 Qd5+ 27. Kg1
Rc8 28. Ne3 Qd8 29. Ra7 Nc6 30. Rxa6 Nxd4 31. Raxb6 h6 32. Rd6 1-0

[Event "6. ODEM U25 2009"]
[Site "Willingen GER"]
[Date "2009.05.31"]
[Round "1"]
[White "Jorczik, Andreas"]
[Black "Schneider, Christian"]
[Result "0-1"]
[Termination "normal"]
[Board "8"]
[WhiteElo "1792"]
[BlackElo "2116"]
[PlyCount "42"]
[WhiteFideId "24634921"]
[BlackFideId "24613886"]
[EventCountry "GER"]
[EventRounds "9"]
[EventType "swiss"]
[EventDate "2009.05.30"]

1. d4 d5 2. c4 e6 3. Nc3 Nf6 4. Bg5 Be7 5. Nf3 O-O 6. e3 c6 7. cxd5 exd5 8. Qc2
Nbd7 9. Bd3 h6 10. h4 Re8 11. Ne5 Nxe5 12. dxe5 Nd7 13. Bxe7 Qxe7 14. f4 f6 15.
Bg6 Rf8 16. Bh7+ Kh8 17. g3 fxe5 18. Kd2 d4 19. Ne4 exf4 20. exf4 Nf6 21. Rae1
Qb4+ 0-1

[Event "6. ODEM U25 2009"]
[Site "Willingen GER"]
[Date "2009.05.31"]
[Round "1"]
[White "Gölz, Daniel"]
[Black "Herbst, Matthew"]
[Result "1-0"]
[Termination "normal"]
[Board "9"]
[WhiteElo "2058"]
[BlackElo "1615"]
[PlyCount "115"]
[WhiteFideId "24626325"]
[BlackFideId "24601950"]
[EventCountry "GER"]
[EventRounds "9"]
[EventType "swiss"]
[EventDate "2009.05.30"]

1. e4 e5 2. Nf3 Nc6 3. Bc4 Nf6 4. d4 exd4 5. e5 d5 6. Bb5 Ne4 7. Nxd4 Bd7 8.
Bxc6 Bxc6 9. Nxc6 bxc6 10. Nd2 Nc5 11. O-O Ne6 12. Nb3 g6 13. f4 Nc5 14. Be3
Ne4 15. Qe2 Be7 16. Rad1 O-O 17. f5 f6 18. fxg6 hxg6 19. Qg4 Qe8 20. Nd4 fxe5
21. Qe6+ Kh7 22. Nxc6 Bc5 23. Qh3+ Kg8 24. Bxc5 Rxf1+ 25. Rxf1 Nxc5 26. Nb4 Qd8
27. Qf3 Qe7 28. Nxd5 Qf8 29. Qg4 Qg7 30. Nf6+ Kf8 31. Nh5+ Qf7 32. Rxf7+ Kxf7
33. Qf3+ Ke7 34. Qxa8 gxh5 35. Qxa7 Kd6 36. b4 Ne4 37. Qa6+ Ke7 38. Qe2 Nd6 39.
Qxe5+ Kd7 40. Qxh5 Kc6 41. Qc5+ Kd7 42. Qxd6+ cxd6 43. h4 Kc6 44. h5 Kb5 45. h6
Kxb4 46. h7 d5 47. h8=Q Kc4 48. g4 d4 49. g5 Kc3 50. g6 Kc4 51. g7 Kc5 52. g8=R
Kc4 53. Rd8 Kc3 54. Qxd4+ Kxc2 55. Rc8+ Kb1 56. Qb4+ Ka1 57. Rc3 Kxa2 58. Ra3#
1-0

[Event "6. ODEM U25 2009"]
[Site "Willingen GER"]
[Date "2009.05.31"]
[Round "1"]
[White "Laqua, Stefan"]
[Black "Erben, Larissa"]
[Result "0-1"]
[Termination "normal"]
[Board "10"]
[WhiteElo "1744"]
[BlackElo "2040"]
[PlyCount "58"]
[WhiteFideId "4674634"]
[BlackFideId "24634590"]
[EventCountry "GER"]
[EventRounds "9"]
[EventType "swiss"]
[EventDate "2009.05.30"]

1. e4 c5 2. Nf3 e6 3. d4 cxd4 4. Nxd4 Nc6 5. Nb5 d6 6. Bf4 e5 7. Be3 Nf6 8.
N1c3 a6 9. Na3 b5 10. Nd5 Rb8 11. f3 Be6 12. c4 bxc4 13. Nxc4 Bxd5 14. exd5 Nb4
15. Qa4+ Qd7 16. Qxd7+ Kxd7 17. Nb6+ Ke7 18. O-O-O Nxa2+ 19. Kb1 Nb4 20. Bc4 g6
21. Rhe1 Bg7 22. f4 Nd7 23. Nxd7 Kxd7 24. Rd2 e4 25. f5 gxf5 26. Rf1 Rhc8 27.
Be2 Nxd5 28. Rxf5 Bxb2 29. Rxb2 Rxb2+ 0-1

[Event "6. ODEM U25 2009"]
[Site "Willingen GER"]
[Date "2009.05.31"]
[Round "1"]
[White "Müller, Jan-Hendrik"]
[Black "Bachem, Sabrina"]
[Result "1-0"]
[Termination "normal"]
[Board "11"]
[WhiteElo "2090"]
[BlackElo "1599"]
[PlyCount "59"]
[WhiteFideId "24615048"]
[EventCountry "GER"]
[EventRounds "9"]
[EventType "swiss"]
[EventDate "2009.05.30"]

1. c4 e5 2. Nc3 Nf6 3. g3 g6 4. Bg2 Bg7 5. e4 Nc6 6. Nge2 O-O 7. O-O d6 8. d3
Ne7 9. h3 c5 10. f4 Ne8 11. Be3 f5 12. Kh2 Rb8 13. a3 b6 14. b4 Bb7 15. Ra2 Nc7
16. fxe5 cxb4 17. exd6 Qxd6 18. Bf4 Be5 19. Bxe5 Qxe5 20. axb4 a6 21. d4 Qd6
22. c5 bxc5 23. bxc5 Qd7 24. d5 Nb5 25. c6 Nxc6 26. dxc6 Qxc6 27. Nd5 Qe6 28.
exf5 gxf5 29. Nef4 Qf7 30. Re2 1-0

[Event "6. ODEM U25 2009"]
[Site "Willingen GER"]
[Date "2009.05.31"]
[Round "1"]
[White "Rummer, Martin"]
[Black "Wurm, Alexander"]
[Result "0-1"]
[Termination "normal"]
[Board "12"]
[WhiteElo "1589"]
[BlackElo "2055"]
[PlyCount "36"]
[WhiteFideId "12900184"]
[BlackFideId "24637246"]
[EventCountry "GER"]
[EventRounds "9"]
[EventType "swiss"]
[EventDate "2009.05.30"]

1. e4 e6 2. d4 d5 3. exd5 exd5 4. Bd3 Bd6 5. Nf3 Nc6 6. O-O Bg4 7. c3 Nge7 8.
h3 Bh5 9. Re1 Qd7 10. b4 O-O-O 11. a4 Rde8 12. a5 Ng6 13. Rxe8+ Rxe8 14. b5 Nd8
15. Ba3 Bxf3 16. gxf3 Bxa3 17. Nxa3 Qxh3 18. Qc2 Nh4 0-1

[Event "6. ODEM U25 2009"]
[Site "Willingen GER"]
[Date "2009.05.31"]
[Round "1"]
[White "Wild, Achim"]
[Black "Sasse, Fabius"]
[Result "1-0"]
[Termination "normal"]
[Board "13"]
[WhiteElo "1947"]
[BlackElo "1579"]
[PlyCount "59"]
[WhiteFideId "4658728"]
[BlackFideId "24659657"]
[EventCountry "GER"]
[EventRounds "9"]
[EventType "swiss"]
[EventDate "2009.05.30"]

1. e4 c5 2. c3 Nf6 3. e5 Nd5 4. Nf3 d6 5. exd6 exd6 6. d4 Be7 7. Bc4 Nb6 8. Bb3
O-O 9. O-O Bg4 10. Qd3 Nc6 11. Bf4 Bxf3 12. gxf3 Bf6 13. Bc2 g6 14. dxc5 dxc5
15. Na3 Qxd3 16. Bxd3 Ne5 17. Be4 Nbd7 18. Rad1 Rab8 19. Rd6 Be7 20. Rd5 f6 21.
Nc4 b6 22. Rfd1 Rbd8 23. Nd6 Bxd6 24. Rxd6 Rde8 25. Rxd7 Nxd7 26. Rxd7 Rd8 27.
Rxa7 f5 28. Bc6 Rf6 29. Bb5 g5 30. Be5 1-0

[Event "6. ODEM U25 2009"]
[Site "Willingen GER"]
[Date "2009.05.31"]
[Round "1"]
[White "Kuckling, Jonas"]
[Black "Tschlatscher, Thomas"]
[Result "0-1"]
[Termination "normal"]
[Board "14"]
[WhiteElo "1539"]
[BlackElo "1983"]
[PlyCount "66"]
[WhiteFideId "24603856"]
[BlackFideId "24635863"]
[EventCountry "GER"]
[EventRounds "9"]
[EventType "swiss"]
[EventDate "2009.05.30"]

1. d4 Nf6 2. c4 e6 3. a3 d5 4. Nc3 c6 5. Bg5 Nbd7 6. Nf3 Be7 7. e3 O-O 8. Rc1
Ne4 9. Bxe7 Qxe7 10. cxd5 exd5 11. Be2 Ndf6 12. O-O Re8 13. Re1 Nxf2 14. Qd2
N2e4 15. Nxe4 Nxe4 16. Qc2 Bg4 17. Rf1 Nd6 18. Bd3 Qxe3+ 19. Kh1 Qh6 20. Rf2
Ne4 21. Bxe4 Rxe4 22. Rcf1 f6 23. Rg1 Rae8 24. Qd1 Qe3 25. Qd2 Bxf3 26. Qxe3
Rxe3 27. gxf3 Re2 28. Rfg2 g6 29. f4 Kf7 30. f5 Rxg2 31. Rxg2 Re1+ 32. Rg1
Rxg1+ 33. Kxg1 gxf5 0-1

[Event "6. ODEM U25 2009"]
[Site "Willingen GER"]
[Date "2009.05.31"]
[Round "1"]
[White "Weißbeck, Simon"]
[Black "Orhan, Eda"]
[Result "1/2-1/2"]
[Termination "normal"]
[Board "15"]
[WhiteElo "1959"]
[BlackElo "1769"]
[PlyCount "123"]
[WhiteFideId "24646865"]
[BlackFideId "24659258"]
[EventCountry "GER"]
[EventRounds "9"]
[EventType "swiss"]
[EventDate "2009.05.30"]

1. e4 d5 2. exd5 Qxd5 3. Nc3 Qd6 4. d4 Nf6 5. Bd3 c6 6. Nge2 Bg4 7. f3 Bh5 8.
Bf4 Qd8 9. Qd2 e6 10. O-O-O Bd6 11. g4 Bg6 12. Ne4 Bxe4 13. fxe4 Bxf4 14. Qxf4
h6 15. Rdf1 Qe7 16. h4 Nbd7 17. g5 Nh5 18. Qf3 hxg5 19. hxg5 Qxg5+ 20. Kb1 Qf6
21. Nf4 g6 22. e5 Qg7 23. Nxh5 Rxh5 24. Rxh5 gxh5 25. Qxh5 Ke7 26. Qh4+ f6 27.
exf6+ Nxf6 28. Rh1 Rg8 29. Qe1 Kd7 30. b3 Qg5 31. Bc4 Nd5 32. Qa5 a6 33. Rf1
Rg7 34. Bxd5 Qxd5 35. Qb4 Kc7 36. a4 Rd7 37. Rf4 Qd6 38. Qa5+ Kc8 39. Rg4 Qc7
40. Rg8+ Rd8 41. Qg5 Qd7 42. Rxd8+ Qxd8 43. Qe5 Qd5 44. Qg7 Qd7 45. Qf6 Kc7 46.
Kb2 Qd6 47. c4 b6 48. Qg7+ Qd7 49. Qh8 Qd8 50. Qh7+ Qd7 51. Qh4 Qd8 52. Qg4 Qd7
53. Kc3 a5 54. b4 axb4+ 55. Kxb4 Qd6+ 56. Kb3 c5 57. dxc5 bxc5 58. Kc3 Kb6 59.
Qf3 Qc6 60. Qf7 Qxa4 61. Qxe6+ Qc6 62. Qf5 1/2-1/2

[Event "6. ODEM U25 2009"]
[Site "Willingen GER"]
[Date "2009.05.31"]
[Round "1"]
[White "Valet, Alexander"]
[Black "Sievers, Andy"]
[Result "0-1"]
[Termination "normal"]
[Board "16"]
[WhiteElo "1550"]
[BlackElo "1953"]
[PlyCount "66"]
[WhiteFideId "24682560"]
[BlackFideId "24607908"]
[EventCountry "GER"]
[EventRounds "9"]
[EventType "swiss"]
[EventDate "2009.05.30"]

1. e4 c5 2. Nf3 e6 3. d4 cxd4 4. Nxd4 Nf6 5. Nc3 Bb4 6. Bd3 Nc6 7. Be3 d5 8.
Nxc6 bxc6 9. exd5 exd5 10. Bd2 O-O 11. O-O Bd6 12. Bg5 Be5 13. Rb1 Qd6 14. h3
Rb8 15. Qf3 h6 16. Bh4 Rb4 17. Bg3 Bxg3 18. Qxg3 Qxg3 19. fxg3 Be6 20. Ne2 c5
21. b3 c4 22. Bf5 Re8 23. Rbe1 cxb3 24. axb3 Bxf5 25. Rxf5 Rbe4 26. Kf1 R4e6
27. Rf3 d4 28. Rd3 Nd5 29. Rd2 Nc3 30. g4 g5 31. b4 a6 32. g3 Kg7 33. h4 Kg8
0-1

[Event "6. ODEM U25 2009"]
[Site "Willingen GER"]
[Date "2009.05.31"]
[Round "1"]
[White "Klippel, Jan"]
[Black "Hirschberg, Leander"]
[Result "0-1"]
[Termination "normal"]
[Board "17"]
[WhiteElo "2035"]
[BlackElo "1671"]
[PlyCount "84"]
[WhiteFideId "24642215"]
[BlackFideId "24652130"]
[EventCountry "GER"]
[EventRounds "9"]
[EventType "swiss"]
[EventDate "2009.05.30"]

1. Nf3 d5 2. d4 Nf6 3. g3 Bf5 4. Bg2 Nbd7 5. O-O e6 6. c4 c5 7. Nbd2 Be7 8.
cxd5 exd5 9. b3 O-O 10. Bb2 Rc8 11. Rc1 b6 12. Nh4 Bg6 13. Nxg6 hxg6 14. Nf3
Re8 15. Qd3 Nf8 16. Rfd1 Qd6 17. dxc5 bxc5 18. Bxf6 Bxf6 19. e3 Red8 20. e4 d4
21. Nd2 Be7 22. f4 Qb8 23. Nf3 Qb6 24. Rc4 Rb8 25. Rdc1 Ne6 26. Ra4 Nc7 27. Ne5
Nb5 28. Qc4 Qf6 29. Ra5 a6 30. a4 Nc7 31. Bh3 Rb4 32. Qd3 Qb6 33. f5 gxf5 34.
Bxf5 Qxa5 35. Nc6 Qb6 36. Nxe7+ Kf8 37. Nc8 Qb8 38. Rxc5 Rxb3 39. Qc2 Rb1+ 40.
Kg2 Rb2 41. Rxc7 Rxc2+ 42. Rxc2 d3 0-1

[Event "6. ODEM U25 2009"]
[Site "Willingen GER"]
[Date "2009.05.31"]
[Round "1"]
[White "Holle, Eric"]
[Black "Eidner, Falk"]
[Result "0-1"]
[Termination "normal"]
[Board "18"]
[WhiteElo "1735"]
[BlackElo "2006"]
[PlyCount "58"]
[WhiteFideId "4624610"]
[BlackFideId "24634557"]
[EventCountry "GER"]
[EventRounds "9"]
[EventType "swiss"]
[EventDate "2009.05.30"]

1. e4 e5 2. Nc3 Nf6 3. f4 d6 4. Nf3 exf4 5. d4 Nh5 6. Bc4 Bg4 7. h3 Be6 8. d5
Bc8 9. O-O Nd7 10. Ne1 Qh4 11. Be2 Ndf6 12. Nf3 Qg3 13. Ne1 Qg6 14. Bxf4 Nxf4
15. Rxf4 Bxh3 16. Nb5 Kd8 17. Qd3 Bd7 18. Qc4 Ne8 19. Nd3 Be7 20. Raf1 Bg5 21.
Rxf7 Be3+ 22. R7f2 Rf8 23. e5 Bxf2+ 24. Rxf2 Rxf2 25. Kxf2 Qf5+ 26. Kg1 dxe5
27. Nc5 Rb8 28. Nxd7 Qxd7 29. Qh4+ Nf6 0-1

[Event "6. ODEM U25 2009"]
[Site "Willingen GER"]
[Date "2009.05.31"]
[Round "1"]
[White "Ivascu, Cosmin Alexandru"]
[Black "Wang, Julia"]
[Result "1-0"]
[Termination "normal"]
[Board "19"]
[WhiteElo "1891"]
[BlackElo "1506"]
[PlyCount "123"]
[WhiteFideId "24686034"]
[BlackFideId "24692565"]
[EventCountry "GER"]
[EventRounds "9"]
[EventType "swiss"]
[EventDate "2009.05.30"]

1. e4 c6 2. d4 d5 3. Nc3 dxe4 4. Nxe4 Bf5 5. Ng3 Bg6 6. h4 h6 7. Nf3 Nd7 8. h5
Bh7 9. Bd3 Bxd3 10. Qxd3 e6 11. Bd2 Ngf6 12. O-O-O Qc7 13. Kb1 O-O-O 14. Qe2
Bd6 15. Ne4 Nxe4 16. Qxe4 e5 17. dxe5 Nxe5 18. Qa4 Nxf3 19. Qg4+ Qd7 20. Qxf3
Rhe8 21. Ba5 b6 22. Bb4 Re6 23. Bc3 f6 24. Rd3 Kb8 25. Rhd1 Qc7 26. Bb4 c5 27.
Bc3 Ree8 28. b3 Be7 29. Rxd8+ Rxd8 30. Rxd8+ Bxd8 31. Qd5 Qe7 32. Kb2 Bc7 33.
f3 b5 34. a3 Bd6 35. Qc6 b4 36. axb4 cxb4 37. Bd4 Be5 38. Qb5+ Ka8 39. Qc6+ Kb8
40. Qb5+ Ka8 41. Qd5+ Kb8 42. Bxe5+ Qxe5+ 43. Qxe5+ fxe5 44. Kc1 Kc7 45. Kd2
Kd6 46. Ke3 Ke6 47. Ke4 Kf6 48. Kd5 Kf5 49. g3 Kf6 50. Kc5 Kg5 51. Kxb4 Kxh5
52. Kc4 Kg5 53. Kd5 Kf5 54. c4 g5 55. c5 g4 56. c6 gxf3 57. c7 Kg4 58. c8=Q+
Kxg3 59. Qg8+ Kh2 60. Qf7 Kg2 61. Qg6+ Kf2 62. Ke4 1-0

[Event "6. ODEM U25 2009"]
[Site "Willingen GER"]
[Date "2009.05.31"]
[Round "1"]
[White "Usov, Andreas"]
[Black "Hinz, Arne"]
[Result "0-1"]
[Termination "normal"]
[Board "20"]
[WhiteElo "1491"]
[BlackElo "1965"]
[PlyCount "58"]
[WhiteFideId "24601713"]
[BlackFideId "24634875"]
[EventCountry "GER"]
[EventRounds "9"]
[EventType "swiss"]
[EventDate "2009.05.30"]

1. e4 Nf6 2. Nc3 e5 3. Bc4 Nc6 4. Nge2 Nxe4 5. Nxe4 d5 6. Bb3 dxe4 7. Ng3 f5 8.
Ba4 Bd6 9. d3 exd3 10. Qxd3 Bb4+ 11. Bd2 Qxd3 12. cxd3 Bxd2+ 13. Kxd2 O-O 14.
Bxc6 bxc6 15. Rac1 Rb8 16. b3 Rb6 17. Rc5 Ra6 18. a4 Be6 19. Kc3 Rb8 20. Rxe5
Rxb3+ 21. Kc2 Bf7 22. Re7 Rbb6 23. Nxf5 Rxa4 24. Rd7 Be6 25. Rxg7+ Kf8 26. Rg5
Rb5 27. g4 Ra2+ 28. Kc3 c5 29. Nh6 Rb3# 0-1

[Event "6. ODEM U25 2009"]
[Site "Willingen GER"]
[Date "2009.05.31"]
[Round "1"]
[White "Bart, Simon"]
[Black "Rosenberger, Andreas"]
[Result "1-0"]
[Termination "normal"]
[Board "21"]
[WhiteElo "1988"]
[BlackElo "1478"]
[PlyCount "73"]
[WhiteFideId "24637327"]
[BlackFideId "12900192"]
[EventCountry "GER"]
[EventRounds "9"]
[EventType "swiss"]
[EventDate "2009.05.30"]

1. e4 d6 2. d4 g6 3. c4 Nf6 4. Nc3 Bg7 5. Be2 O-O 6. Bg5 Nbd7 7. Qd2 c5 8. d5
Ne5 9. f4 Ned7 10. Nf3 e5 11. dxe6 fxe6 12. e5 dxe5 13. fxe5 Nxe5 14. Nxe5
Qxd2+ 15. Bxd2 Ne4 16. Nxe4 Bxe5 17. Bc3 Bxc3+ 18. Nxc3 Bd7 19. O-O-O Bc6 20.
Rhe1 Rf6 21. Bg4 Kf7 22. Ne4 Bxe4 23. Rxe4 Ke7 24. Rde1 Re8 25. Rxe6+ Rxe6 26.
Rxe6+ Kf7 27. Rxe8 Kxe8 28. Kd2 Ke7 29. Ke3 Kf6 30. Ke4 Kg5 31. Bc8 b6 32. a3
h5 33. b4 h4 34. bxc5 bxc5 35. Kd5 Kf4 36. Kxc5 g5 37. Kd4 1-0